Navigation in the Arctic
Nové príležitosti na ekonomické využívanie Arktídy. Ťažba nerastných surovín a námorná doprava. Vplyv Kanady a Ruska.
Na minha lista:
| Autor principal: | |
|---|---|
| Formato: | Capítulo de Livro |
| Idioma: | inglês |
| Assuntos: | |
| Tags: |
Sem tags, seja o primeiro a adicionar uma tag!
|
MARC
| LEADER | 00000nla a2200000 4500 | ||
|---|---|---|---|
| 001 | 0239345 | ||
| 005 | 20240502073858.0 | ||
| 041 | 0 | |a eng | |
| 044 | |a SK | ||
| 245 | 1 | 0 | |a Navigation in the Arctic |c Dorota Harakaľová |
| 520 | |a Nové príležitosti na ekonomické využívanie Arktídy. Ťažba nerastných surovín a námorná doprava. Vplyv Kanady a Ruska. | ||
| 610 | 2 | 0 | |a Kanada |
| 610 | 2 | 0 | |a Arktída |
| 610 | 2 | 0 | |a sféry vplyvu |
| 610 | 2 | 0 | |a plavba |
| 610 | 2 | 0 | |a Rusko |
| 610 | 2 | 0 | |a využitie surovín |
| 610 | 2 | 0 | |a využitie zdrojov prírodných |
| 610 | 2 | 0 | |a doprava lodná |
| 610 | 2 | 0 | |a doprava námorná |
| 610 | 2 | 0 | |a doprava medzinárodná |
| 100 | 1 | |a Harakaľová, Dorota, 1989- | |